00278nam a2200121Ia 4500008004100000082001600041100001500057245002700072250000800099260003300107300000800140650000800148191201s2007 xx 000 0 und d a658.45bKAB aKaul, Asha 0aBusiness Communication a2nd aN.DelhibPrentice Hallc2007 a125 aMBA